000 00475nam a22001577a 4500
999 _c12242
_d12242
008 210125b ||||| |||| 00| 0 eng d
082 0 0 _a537.53
_bS55914
100 _94426
_aShockley, William
245 1 0 _aElectrons and holes in semiconductors : with applications to transistor electronics
_cBy William Shockley
250 _a1st ed.
260 _aNew-Delhi
_bEast-west press
_c1968
300 _axxiii,558 p.
365 _d16.00
650 0 _aTransistors
942 _cBK